Positive leadership for flourishing schools
Saved in:
| Other Authors | , , |
|---|---|
| Format | Electronic eBook |
| Language | English |
| Published |
Charlotte, NC :
Information Age Publishing, Inc.,
[2021]
|
| Subjects | |
| Online Access | Full text |
| ISBN | 9781648023866 9781648023859 9781648023842 |
| Physical Description | 1 online zdroj |
Cover
| LEADER | 00000nam a2200000 i 4500 | ||
|---|---|---|---|
| 001 | 114045 | ||
| 003 | CZ-ZlUTB | ||
| 005 | 20260609150441.0 | ||
| 006 | m o d | ||
| 007 | cr ||||||||||| | ||
| 008 | 210116s2021 ncu eo 000 0 eng | ||
| 020 | |a 9781648023866 |q (electronic bk.) | ||
| 020 | |z 9781648023859 |q (hardcover) | ||
| 020 | |z 9781648023842 |q (paperback) | ||
| 040 | |a EBZ |b eng |c EBZ |e rda | ||
| 042 | |a pcc | ||
| 072 | 7 | |a 37.09 |x Organizace výuky a vzdělávání |2 Konspekt |9 22 | |
| 080 | |a 37.064 |2 MRF | ||
| 080 | |a 373/378:005.73 |2 MRF | ||
| 080 | |a 37.091.113 |2 MRF | ||
| 080 | |a 37.091.31-059.1 |2 MRF | ||
| 080 | |a (082) |2 MRF | ||
| 080 | |a (078.7) |2 MRF | ||
| 080 | |a (0.034.2:08) |2 MRF | ||
| 245 | 0 | 0 | |a Positive leadership for flourishing schools / |c edited by Keith D. Walker, Benjamin Kutsyuruba, Sabre Cherkowski. |
| 264 | 1 | |a Charlotte, NC : |b Information Age Publishing, Inc., |c [2021] | |
| 300 | |a 1 online zdroj | ||
| 336 | |a text |b txt |2 rdacontent | ||
| 337 | |a počítač |b c |2 rdamedia | ||
| 338 | |a online zdroj |b cr |2 rdacarrier | ||
| 504 | |a Obsahuje bibliografické odkazy | ||
| 506 | |a Plný text je dostupný pouze z IP adres počítačů Univerzity Tomáše Bati ve Zlíně nebo vzdáleným přístupem pro zaměstnance a studenty | ||
| 650 | 0 | 7 | |a klima školy |7 ph249611 |2 czenas |
| 650 | 0 | 7 | |a kultura školy |7 ph319513 |2 czenas |
| 650 | 0 | 7 | |a management školy |7 ph118550 |2 czenas |
| 650 | 0 | 7 | |a pedagogické vedení |7 ph980750 |2 czenas |
| 650 | 0 | 9 | |a school environment |2 eczenas |
| 650 | 0 | 9 | |a school culture |2 eczenas |
| 650 | 0 | 9 | |a school management |2 eczenas |
| 650 | 0 | 9 | |a instructional leadership |2 eczenas |
| 655 | 7 | |a elektronické knihy |7 fd186907 |2 czenas | |
| 655 | 7 | |a sborníky |7 fd163935 |2 czenas | |
| 655 | 7 | |a případové studie |7 fd133208 |2 czenas | |
| 655 | 9 | |a electronic books |2 eczenas | |
| 655 | 9 | |a papers of several authors |2 eczenas | |
| 655 | 9 | |a case studies |2 eczenas | |
| 700 | 1 | |a Walker, Keith D. |q (Keith Douglas), |d 1954- |e editor. | |
| 700 | 1 | |a Kutsyuruba, Benjamin, |e editor. | |
| 700 | 1 | |a Cherkowski, Sabre, |d 1970- |e editor. | |
| 776 | 0 | 8 | |i Print version: |t Positive leadership for flourishing schools. |d Charlotte, NC : Information Age Publishing, Inc., [2021] |z 9781648023859 |w (DLC) 2020057714 |
| 856 | 4 | 0 | |u https://search.ebscohost.com/login.aspx?direct=true&scope=site&db=nlebk&db=nlabk&AN=2755790&authtype=ip,shib&custid=s3936755 |
| 942 | |2 udc | ||
| 992 | |c EBOOK-TN |c EBSCO | ||
| 993 | |x NEPOSILAT |y EIZ | ||
| 999 | |c 114045 |d 114045 | ||